1592 1996 1891 1695 1880 1239 1814 1993 1015 1089 1142 1109 1039 1762 1256 1949 1649 1781 1628 1562 1121 1889 1413 1014 1937 1867 1712 1203 1200 1273 1991 1304 1166 1177 1561 1301 1541 1616 1070 1383 1734 1086 1226 1196 1256 1882 1691 1885 1270 1651 1802 1512 1141 1297 1759 1219 1930 1938 1596 1581 1603 1098 1648 1152 1046 1749 1755 1191 1389 1108 1167 1640 1634 1252 1712 1082 1297 1610 1165 1864 1564 1059 1873 1216 1739 1410 1654 1003 1628 1518 1090 1654 1783 1332 1025 1159 1808 1910 1470 BCNSPRNW ULIB Ver.6.0+V

เปลี่ยนเป็นภาษาไทย

Change to English
 แสดงรายละเอียดบรรณานุกรม
  กลับหน้าหลัก

Brief Record : Get Marc (ISO 2709) : E-mail record : QR code < ปิดหน้าต่าง
LEADER : 00000nam 2200000uu 4500
001    13399114173
003     ULIB
008    120228s||||||||th 000 0 tha d
110    ^aวารสารทิศไท
245    ^aวารสารเพื่อเยาวชนของมูลนิธิเสริมสร้างเอกลักษณ์ของชาติ
260    ^aกรุงเทพฯ :^bวารสารทิศไท,^cม.ป.ป.
310    ^aรายเดือน
850    ^aปีที่ 2 ฉบับที่ 6 ต.ค.-ธ.ค.54
945    ^p0^l0^i800069
999 ^a ใช้งานได้ทุกระบบ
รายการนี้ยังไม่มีแท็ก
คุณยังไม่ได้ล็อกอิน คุณสามารถมีกิจกรรมร่วมกับเว็บไซต์ได้ แต่ต้องล็อกอินก่อน ::
  ล็อกอิน

รายการสื่อสารสนเทศ

ลำดับที่ ประเภท เลขเรียก/บาร์โค้ด สถานที่ สถานะ
1. วิทยาศาสตร์การแพทย์ และสุขภาพ
วิทยาศาสตร์การแพทย์ และสุขภาพ
  
  Barcode: 800069
ห้องสมุดวิทยาเขตสวรรค์ประชารักษ์
►วารสาร
บนชั้น
  ขอยืม

BibComment


ยังไม่เคยถูกคอมเมนท์

คอมเมนท์ทรัพยากรรายการนี้
  คอมเมนท์: วารสารเพื่อเยาวช..


 Copyright 2026. Bcnsprnw @Library